| 000 | 00398nam a2200145Ia 4500 | ||
|---|---|---|---|
| 008 | 231129s2010||||xx |||||||||||||| ||spa|| | ||
| 020 | _a978-958-44-7567-1 | ||
| 040 | _bspa | ||
| 082 | _aCo861 G643h | ||
| 100 | _aGonzález Hernández Raúl | ||
| 245 | 0 | _aHoras sin tiempo: Poemario | |
| 260 | _c2010 | ||
| 264 | _aLos Octámbulos Ediciones | ||
| 942 |
_2ddc _cBKS |
||
| 999 |
_c15467 _d15467 |
||